Sports Quiz

Random Sports or WWE Quiz
Score 0/36 Timer 04:00
0 Plays Today
Match Type Wrestler % Correct
Match 6 - 5-on-5 Survivor Series Elimination MatchJohn Cena
98.1%
Match 4 - 5-on-5 Survivor Series Elimination MatchTriple H
97.9%
Match 4 - 5-on-5 Survivor Series Elimination MatchShawn Michaels
97.9%
Match 4 - 5-on-5 Survivor Series Elimination MatchRandy Orton
97.8%
Match 4 - 5-on-5 Survivor Series Elimination MatchEdge
97%
Match 6 - 5-on-5 Survivor Series Elimination MatchBig Show
95.8%
Match 5 - First Blood MatchThe Undertaker
94.2%
Match 1 - 4-on-4 Survivor Series Elimination MatchRic Flair
92.3%
Match 4 - 5-on-5 Survivor Series Elimination MatchJeff Hardy
91.3%
Match 4 - 5-on-5 Survivor Series Elimination MatchMatt Hardy
91.3%
Match 7 - Last Chance Match for the World Heavyweight ChampionshipBatista
91.1%
Match 6 - 5-on-5 Survivor Series Elimination MatchKane
90.8%
Match 1 - 4-on-4 Survivor Series Elimination MatchNicky
90.6%
Match 1 - 4-on-4 Survivor Series Elimination MatchKenny
90.1%
Match 7 - Last Chance Match for the World Heavyweight ChampionshipKing Booker
88.7%
Match 1 - 4-on-4 Survivor Series Elimination MatchMikey
87.9%
Match 4 - 5-on-5 Survivor Series Elimination MatchCM Punk
87.8%
Match 2 - Singles Match for the WWE United States ChampionshipChris Benoit
86.4%
Match Type Wrestler % Correct
Match 1 - 4-on-4 Survivor Series Elimination MatchJohnny
82.8%
Match 6 - 5-on-5 Survivor Series Elimination MatchMontel Vontavious Porter
81.5%
Match 3 - Singles Match for the WWE Women's ChampionshipMickie James
80.4%
Match 1 - 4-on-4 Survivor Series Elimination MatchSgt. Slaughter
80.3%
Match 4 - 5-on-5 Survivor Series Elimination MatchJohnny Nitro
80.2%
Match 5 - First Blood MatchMr. Kennedy
80.1%
Match 3 - Singles Match for the WWE Women's ChampionshipLita
78.3%
Match 2 - Singles Match for the WWE United States ChampionshipChavo Guerrero
75.3%
Match 6 - 5-on-5 Survivor Series Elimination MatchUmaga
74%
Match 1 - 4-on-4 Survivor Series Elimination MatchDusty Rhodes
73.8%
Match 6 - 5-on-5 Survivor Series Elimination MatchRob Van Dam
72.8%
Match 6 - 5-on-5 Survivor Series Elimination MatchBobby Lashley
72.7%
Match 6 - 5-on-5 Survivor Series Elimination MatchFinlay
72.7%
Match 4 - 5-on-5 Survivor Series Elimination MatchMike Knox
71.2%
Match 1 - 4-on-4 Survivor Series Elimination MatchRon Simmons
69.5%
Match 4 - 5-on-5 Survivor Series Elimination MatchGregory Helms
68.5%
Match 6 - 5-on-5 Survivor Series Elimination MatchSabu
62%
Match 6 - 5-on-5 Survivor Series Elimination MatchTest
60.7%
Remove Ads.
Support Sporcle.
Get the best of Sporcle when you Go Orange. This ad-free experience offers more features, more stats, and more fun while also helping to support Sporcle. Thank you for becoming a member.

You're not logged in!

Compare scores with friends on all Sporcle quizzes.
OR
Log In

Show Comments

Extras

Top Quizzes Today


Score Distribution

Your Account Isn't Verified!

In order to create a playlist on Sporcle, you need to verify the email address you used during registration. Go to your Sporcle Settings to finish the process.

Report this User

Report this user for behavior that violates our Community Guidelines.

Details: